000 nam a22 7a 4500
999 _c9318
_d9318
008 180127b ||||| |||| 00| 0 eng d
100 _aTayal.etal.
_95573
245 _aSecondary Social Science-IX
260 _aNew Delhi
_bArya
_c2008